000 00427nam a2200157 i 4500
001 87471
003 ES-MaACL
005 20230906175658.0
007 t|
008 041222s1923 xxu ||||1| eng d
100 1 _aKretschmer, Herman L.
_968818
245 1 0 _aPrimary carcinoma of the male urethra /
_cHerman L. Kretschmer.
260 _aChicago :
_b[s.n.,
_c1923]
300 _a7 p. ;
_c18 cm.
852 _aES-MaACL
_j1668-F-17
999 _c87471
_d87471